000 01904nam a2200529 i 4500
001 30870
003 KOSZ 005
005 20250722063908.0
008 970510s1995 pl a f |000 0 pol
015 _aUWD 1995/8764
020 _a8301114134
035 _a991000120769705066
035 _a(PL-WaBN)b10078150-48omnis_nlop
035 _ab10078150
035 _a(OCoLC)830050981
035 _azz2006844726
035 _a(PL)b0000001007815
035 _a(EXLNZ-48OMNIS_NETWORK)9910015204105606
040 _aWA N
_cWA N
_dKOSZ 005/EG
041 1 _apol
_heng
080 _a658.14/.17
080 _a657
100 1 _aTracy, John A.
_eAutor
245 1 0 _aSprawozdania finansowe firm /
_cJohn A. Tracy ; [rozdz. 1-16 przetł. z ang. Witold Jurek, rozdz. 17-24 przetł. Jacek Mizerka] ; Fundacja Edukacyjna Przedsiębiorczości.
246 1 _iTyt. oryg.:
_aHow to read a financial report,
_f1989
250 _a[Wyd. 1., dodr.].
260 _aWarszawa :
_bWydaw. Naukowe PWN,
_c1995.
300 _a144, [2] s., [18] s. tabl. złoż. :
_bwykr. ;
_c21 cm.
336 _aTekst
_btxt
_2rdacontent
337 _aBez urządzenia pośredniczącego
_bn
_2rdamedia
338 _aWolumin
_bnc
_2rdacarrier
380 _aKsiążki
388 _a1901-2000
388 _a1989-2000
490 1 _aPrzedsiębiorczość
650 7 _aBilans księgowy
_2DBN
650 7 _aKalkulacja kosztów
_2DBN
650 7 _aSprawozdawczość finansowa
_2DBN
658 _aGospodarka, ekonomia, finanse
700 1 _aJurek, Witold
_d(1949- )
_eTłumaczenie
700 1 _aMizerka, Jacek
_d(1958- )
_eTłumaczenie
710 2 _aWydawnictwo Naukowe PWN
_4pbl
830 0 _aPrzedsiębiorczość (PWN)
856 _uhttp://koha.tu.koszalin.pl/cgi-bin/koha/opac-detail.pl?biblionumber=30870
_yKatalog online BPK
942 _2UKD
_cKS
999 _c30870
_d30870